书目信息 |
| 题名: |
工业污染预防
|
|
| 作者: | 沈铎 , Shen, 编著 ;李泰然 , 李政禹 , 武雪芳 译 | |
| 分册: | ||
| 出版信息: | 北京 中国环境科学出版社 2001 |
|
| 页数: | 345页 | |
| 开本: | 26cm | |
| 丛书名: | ||
| 单 册: | ||
| 中图分类: | X7 | |
| 科图分类: | ||
| 主题词: | 工业废物--gong ye fei wu , 环境污染--huan jing wu ran , 工业废物--gong ye fei wu--环境污染--污染防治 , 污染防治--wu ran fang zhi | |
| 电子资源: | ||
| ISBN: | 7-80163-196-X | |
| 000 | 01596nam0 2200409 450 | |
| 000 | 01623nam0 2200409 450 | |
| 000 | 01586nam0 2200397 450 | |
| 000 | 01569nam0 2200397 450 | |
| 000 | 01532nam0 2200385 450 | |
| 001 | CAL 012006066345 | |
| 005 | 20061027150254.73 | |
| 010 | @a7-80163-196-X@dCNY48.00 | |
| 099 | @aCAL 012006066345 | |
| 100 | @a20060825d2001 em y0chiy0120 ea | |
| 101 | 1 | @achi@ceng |
| 102 | @aCN@b110000 | |
| 105 | @aak z 000yy | |
| 200 | 1 | @a工业污染预防@Agong ye wu ran yu fang@f(美)沈铎[Thomas T. Shen]编著@g武雪芳, 李泰然, 李政禹译 |
| 210 | @a北京@c中国环境科学出版社@d2001 | |
| 215 | @a345页@c图@d26cm | |
| 305 | @a据原书第2版译出 | |
| 306 | @a由沈铎博士授权出版 | |
| 314 | @a沈铎[Thomas T. Shen], 是一个独立的环境顾问并且是美国Phi Tau Phi学院名誉协会东部会区的主席, 曾在伊利诺伊州埃文斯顿市西北大学深造, 获卫生工程学硕士学位。 | |
| 330 | @a本书反映了当今世界污染预防策略和市场需求的快速变化, 旨在唤起读者对污染管理的概念与实践的关注, 以及对由污染和废弃乃至对环境有害的产品和服务引起的污染问题的全面了解和广泛关注。 | |
| 510 | 1 | @aIndustrial pollution prevention@zeng |
| 606 | 0 | @a工业废物@Agong ye fei wu |
| 606 | 0 | @a环境污染@Ahuan jing wu ran |
| 606 | 0 | @a工业废物@Agong ye fei wu@x环境污染@x污染防治 |
| 606 | 0 | @a污染防治@Awu ran fang zhi |
| 690 | @aX7@v4 | |
| 701 | 0 | @c(美)@a沈铎@Ashen duo@4编著 |
| 701 | 1 | @c(美)@aShen,@bT. T.@g(Shen, Thomas T.)@4编著 |
| 702 | 0 | @a李泰然@Ali tai ran@4译 |
| 702 | 0 | @a李政禹@Ali zheng yu@4译 |
| 702 | 0 | @a武雪芳@Awu xue fang@4译 |
| 801 | 0 | @aCN@c20061027 |
| 905 | @a10447@dX7@eS386 | |
| 工业污染预防/(美)沈铎[Thomas T. Shen]编著/武雪芳, 李泰然, 李政禹译.-北京:中国环境科学出版社,2001 |
| 345页:图;26cm |
| ISBN 7-80163-196-X:CNY48.00 |
| 本书反映了当今世界污染预防策略和市场需求的快速变化, 旨在唤起读者对污染管理的概念与实践的关注, 以及对由污染和废弃乃至对环境有害的产品和服务引起的污染问题的全面了解和广泛关注。 |
| ● |
| 相关链接 |
|
|
|
正题名:工业污染预防
索取号:X7/S386
 
预约/预借
| 序号 | 登录号 | 条形码 | 馆藏地/架位号 | 状态 | 备注 |
| 1 | 631767 | 206317671 | 自科库501/501自科库 103排1列3层/ [索取号:X7/S386] | 在馆 | |
| 2 | 631768 | 206317680 | 自科库501/501自科库 103排1列3层/ [索取号:X7/S386] | 在馆 | |
| 3 | 631769 | 206317699 | 自科库501/501自科库 103排1列3层/ [索取号:X7/S386] | 在馆 |